Modern information retrieval

שמור ב:
מידע ביבליוגרפי
מחבר ראשי: Ricardo Baeza-Yates
פורמט: ספר
שפה:Undetermined
יצא לאור: Harlow, England Addison-Wesley 1999
נושאים:
תגים: הוספת תג
אין תגיות, היה/י הראשונ/ה לתייג את הרשומה!
Thư viện lưu trữ: Trung tâm Học liệu Trường Đại học Cần Thơ
LEADER 00612nam a2200193Ia 4500
001 CTU_56242
008 210402s9999 xx 000 0 und d
082 |a 025.04 
082 |b B139 
100 |a Ricardo Baeza-Yates 
245 0 |a Modern information retrieval 
245 0 |c Ricardo Baeza-Yates and Berthier Ribeiro-Neto 
260 |a Harlow, England 
260 |b Addison-Wesley 
260 |c 1999 
526 |a Tìm kiếm thông tin,Tìm kiếm thông tin 
526 |b CTK606,CT624 
650 |a information storage and retrieval systems 
980 |a Trung tâm Học liệu Trường Đại học Cần Thơ